| 000 | 00000nam##2200000za#4500 |
| 001 | 9.663100 |
| 003 | CaOODSP |
| 005 | 20200401083648 |
| 007 | ta |
| 008 | 150407|2001||||xxc||||| f|0| 0 fre|d |
| 020 | |a0-662-65988-0 |
| 040 | |aCaOODSP|bfre |
| 041 | |aeng |
| 041 | |afre |
| 043 | |an-cn--- |
| 086 | 1 |aSE1-5/1-2000-1 |
| 110 | 1 |aCanada.|bÉlections Canada. |bDirecteur général des élections du Canada. |
| 245 | 10|aModerniser le processus électoral : |brecommandations du directeur général des élections du Canada à la suite de la 37e élection générale |
| 260 | |aOttawa - Ontario : |bÉlections Canada. |c2001. |
| 300 | |av, 172p. : |bréférences ; |c28 cm. |
| 500 | |aDonnées de catalogage avant publication (Canada) imprimées dans cette publication. |
| 546 | |aBilingue |
| 563 | |aReliure à spirale |
| 590 | |a02-01|b2002-01-04 |
| 691 | 07|aSystème électoral|2gcpds |
| 691 | 07|aÉlections|2gcpds |
| 776 | 0#|tModerniser le processus électoral : |w(CaOODSP)9.641802 |
| 776 | 0#|tModernizing the electoral process : |w(CaOODSP)9.697800 |
| 791 | |tModernizing the electoral process : |eeng|w(CaOODSP)9.663099 |